000 00393 a2200169 4500
001 69103
020 _a9788537302798
040 _cAnchieta - Itaigara
100 _aBarros, Elisa Maria Rands Coelho
240 1 0 _aA descoberta de Kiko
_lpor
245 1 0 _aA descoberta de Kiko
300 _a32
362 0 _a2007
440 1 _aBagaço
650 4 _aLiteratura infanto-juvenil
942 _cBK
999 _c69103
_d69103